00478 2200193 4500001002100000005001500021008004100036020001800077035001900095041000700114082000800121090001400129100002500143245002400168260003300192300003000225500001100255650001800266INLIS00000000000781420241224113532241224||||||||| | ||| |||| || |  a979-407-847-6 0010-1224007814 aid0 a813 a813 GED b0 aGEDE BEGUG MAHARDIKA00aBertamasya ke Hutan aJakartabbalai pustakac2007 a21x15 cm, 84 hlm.; ilus.: aCet. 4 0aKesusasteraan